000
00261nam a22001217a 4500
008
171011b xxu||||| |||| 00| 0 eng d
041
_a
eng
080
_a
319.9
100
_a
49
101
_a
PSI
245
_a
SATISTIC PSYCHOLOGY
_c
RAMEY.M.M
942
_2
udc
_c
BK
999
_c
33231
_d
33231